|
|
|
|
| LEADER |
00000cam a2200000 7i4500 |
| 001 |
0000025563 |
| 005 |
20151222.0 |
| 008 |
090306 |
| 020 |
|
|
|a 0007251246
|
| 090 |
0 |
0 |
|a JF
|b ENG
|
| 100 |
1 |
|
|a Stine, R.L
|
| 245 |
1 |
4 |
|a The big blueberry barf-off!
|c R.L. Stine ; illustrations by Trip Park
|
| 260 |
|
|
|a London :
|b HarperCollins Publishers ,
|c 2006
|
| 440 |
|
|
|a Rotten school ; # 1
|
| 500 |
|
|
|a Children ages 7-9 years old (orange)
|
| 650 |
|
0 |
|a Children stories, English
|
| 700 |
1 |
|
|a Park, Trip
|
| 999 |
|
|
|a 0001041389
|b Book
|c Children Collection
|e Perbadanan Perpustakaan Awam Johor
|
| 999 |
|
|
|a 0001041390
|b Book
|c Brochure/Pamphlet/Poster
|e Cawangan Muar
|
| 999 |
|
|
|a 0001041391
|b Book
|c Brochure/Pamphlet/Poster
|e Cawangan Tmn. Ungku Tun Aminah
|
| 999 |
|
|
|a 0001041392
|b Book
|c Brochure/Pamphlet/Poster
|e Cawangan Tmn. Ungku Tun Aminah
|